| 000 | 01225cam a2200325 i 4500 | ||
|---|---|---|---|
| 999 |
_c9556 _d9556 |
||
| 001 | 20847125 | ||
| 003 | GBCCL | ||
| 005 | 20241126110714.0 | ||
| 008 | 190212s2019 miu b 001 0 eng | ||
| 010 | _a 2019005930 | ||
| 020 |
_a9781540960177 _q(hbk.) |
||
| 040 |
_aDLC _beng _cDLC _erda _dDLC |
||
| 042 | _apcc | ||
| 050 | 0 | 0 |
_aBS2625.52 _b.S37 2019 |
| 082 | 0 | 0 |
_a227.06 _223 _bSCH |
| 100 | 1 |
_aSchreiner, Thomas R., _eauthor. _9878 |
|
| 245 | 1 | 0 |
_aHandbook on Acts and Paul's Letters / _cThomas R. Schreiner. |
| 264 | 1 |
_aGrand Rapids, Michigan : _bBaker Academic, a division of Baker Publishing Group, _c[2019] |
|
| 300 |
_axviii, 461 pages ; _c24 cm. |
||
| 336 |
_atext _btxt _2rdacontent |
||
| 337 |
_aunmediated _bn _2rdamedia |
||
| 338 |
_avolume _bnc _2rdacarrier |
||
| 490 | 0 | _aHandbooks on the New Testament | |
| 504 | _aIncludes bibliographical references and indexes. | ||
| 630 | 0 | 0 |
_aBible. _pActs _vIntroductions. _916624 |
| 630 | 0 | 0 |
_aBible. _pEpistles of Paul _vIntroductions. _916625 |
| 906 |
_a7 _bcbc _corignew _d1 _eecip _f20 _gy-gencatlg |
||
| 942 |
_2ddc _cREF |
||